All Island Countries by Population - Statistics

General Stats
  • This quiz has been taken 90 times
  • The average score is 31 of 47
Answer Stats
# Island Country Population Hint % Correct
1 Indonesia 276.386.389 I
98%
2 Japan 123.625.074 J
97%
3 Philippines 116.451.694 P
95%
4 United Kingdom 67.623.566 U
89%
5 Madagascar 29.963.345 M
86%
8 Sri Lanka 21.864.402 S
86%
9 Haiti 11.653.948 H
85%
7 Taiwan 23.908.998 T
83%
10 Dominican Republic 11.281.875 D
82%
11 Cuba 11.203.797 C
78%
16 Jamaica 2.825.763 J
74%
14 New Zealand 5.206.893 N
74%
12 Papua New Guinea 10.236.825 P
74%
22 Fiji 933.066 F
71%
13 Singapore 5.995.476 S
69%
15 Ireland 5.040.329 I
68%
20 Mauritius 1.299.804 M
68%
17 Trinidad and Tobago 1.533.157 T
68%
23 Comoros 844.302 C
63%
19 East Timor 1.350.944 E
62%
36 Kiribati 132.386 K
62%
47 Nauru 12.727 N
62%
48 Tuvalu 11.356 T
62%
18 Bahrain 1.478.840 B
60%
32 Barbados 281.830 B
60%
37 Grenada 125.822 G
60%
46 Palau 18.058 P
60%
31 Vanuatu 330.606 V
60%
25 Cape Verde 595.796 C
58%
21 Cyprus 1.255.897 C
58%
30 Iceland 374.125 I
58%
26 Malta 534.197 M
58%
45 Marshall Islands 41.784 M
58%
34 Samoa 224.036 S
58%
42 Antigua and Barbuda 94.038 A
57%
38 F. S. Micronesia 114.690 F
57%
44 Saint Kitts and Nevis 47.706 S
57%
41 Saint Vincent and the Grenadines 103.784 S
57%
43 Dominica 72.875 D
55%
40 Tonga 107.316 T
55%
28 Brunei 450.814 B
54%
27 Maldives 522.645 M
54%
35 Saint Lucia 179.963 S
54%
24 Solomon Islands 732.327 S
54%
33 São Tomé and Príncipe 229.604 S
51%
39 Seychelles 107.350 S
51%
29 Bahamas 411.321 B
49%
No matching quizzes found
Score Distribution
Percent of People with Each Score
Percentile by Number Answered
Your Score History
You have not taken this quiz